| 000 | 01251nam a2200265 a 4500 | ||
|---|---|---|---|
| 001 | ASIN2940373345 | ||
| 003 | OSt | ||
| 005 | 20180116192417.0 | ||
| 008 | 130804s2005 xxu eng d | ||
| 020 |
_a2940373345 (paperback) _c$32.95 |
||
| 020 | _a9782940373345 (paperback) | ||
| 040 | _c00 | ||
| 082 | _a686.2252 | ||
| 100 | 1 |
_aAmbrose, Gavin. _96893 |
|
| 245 | 1 | 0 |
_aBasics design 02 : _blayout / _cGavin Ambrose, Paul Harris. |
| 250 | _a1st ed. | ||
| 260 |
_aNew York: _bAVA Publishing, _c2005. |
||
| 300 |
_a176 p. ; _c23 cm. |
||
| 520 | _aAddresses the practical and aesthetic considerations of layout such as where and how the content will be viewed, whether the format is a magazine, website, television graphic or bottle of bubble bath. This book will prove indispensable to anyone wishing to acquire a thorough knowledge of the principles of layout as used in modern design. Through the considered application of these principles a more balanced and effective design can be achieved. | ||
| 650 |
_aElements _96894 |
||
| 700 | 1 |
_aHarris, Paul. _96895 |
|
| 856 | 4 | 0 |
_3Amazon.com _uhttp://www.amazon.com/exec/obidos/ASIN/2940373345/chopaconline-20 |
| 942 |
_2ddc _cBK |
||
| 999 |
_c353782 _d353782 |
||